Conquista de la Provincia de Xalisco Nuevo Reyno de Galicia, y fundación de su capital Guadalaxara : narración poético-sencilla, distribuida en XXXI cantos /

-д хадгалсан:
Номзүйн дэлгэрэнгүй
Бусад зохиолчид: López, Juan (prefacio) (prefacio)
Формат: Ном
Хэл сонгох:испани
Цуврал:(Colegio Internacional ; 8, 9, 10)
Нөхцлүүд:
Шошгууд: Шошго нэмэх
Шошго байхгүй, Энэхүү баримтыг шошголох эхний хүн болох!

MARC

LEADER 00000nam^a2200000^a^4500
001 000101858
005 20250521000000.0
009 20260310093254.092
037 |a Acervo ITESO - Biblioteca 
041 |a ESP 
082 |a 861.  |b CON 
245 1 0 |a Conquista de la Provincia de Xalisco Nuevo Reyno de Galicia, y fundación de su capital Guadalaxara :  |b narración poético-sencilla, distribuida en XXXI cantos /  |c Pref. de J. López. 
264 |a Guadalajara, México :  |b Colegio Internacional,  |c 1973 
300 |a 3 v. 
336 |a texto  |b txt  |2 rdacontenido 
337 |a sin mediación  |b n  |2 rdamedio 
338 |a volumen  |b nc  |2 rdasoporte 
440 1 |a (Colegio Internacional ;  |v 8, 9, 10) 
649 |a XX 
650 |a Poesía Mexicana 
650 |a Poesía Epica Mexicana 
650 |a Literatura Mexicana -  |y Siglo XVIII 
650 |a Jalisco -  |x Historia -  |y Epoca Colonial, 1517-1821 
650 |a México -  |x Historia -  |y Epoca Colonial, 1517-1821 
700 |a López, Juan  |e (prefacio) 
910 |a Fondo General 
920 |a Impresos - Libros 
930 |a Colección General 
940 |a Literatura 
905 |a 101 
901 |a 0500035415  |b IT1  |c LIT  |u 20250521 
901 |a 0500037464  |b IT1  |c LIT  |u 20250521 
901 |a 0500037461  |b IT1  |c LIT  |u 20250521 
902 |a https://opac.biblio.iteso.mx/vufind/Record/000101858